Alvaro Siza: Modern Redux

Shranjeno v:
Bibliografske podrobnosti
Glavni avtor: Figueira, Jorge (Author)
Format: Knjiga
Jezik:portugalščina
angleščina
Izdano: Oberkochen Hatje Cantz 2008
Izdaja:1a. ed
Teme:
Oznake: Označite
Brez oznak, prvi označite!

MARC

LEADER 00000nam a2200000 a 4500
001 UCH7416
003 CL-VaPUC
008 091112e20080000gw |||||||||||||||||por|d
020 |a 9783775722766 
041 0 7 |a por  |2 CL-VaPUC 
041 0 7 |a eng  |2 CL-VaPUC 
082 0 4 |a 720.981  |b FIG  |2 21 
100 0 |a Figueira, Jorge  |e author  |9 543833 
245 1 0 |a Alvaro Siza: Modern Redux 
250 |a 1a. ed 
300 |a 205 p 
942 |c BK 
945 |d 20091112 00:00:00  |a cmena 
260 |a Oberkochen  |b Hatje Cantz  |c 2008 
500 |a Este catálogo es publicado por ocasión de la exposición: Alvaro Siza Modern Redux, Instituto Tomie Ohtake, Sao Paulo, Brasil, 17 de octubre al 23 de noviembre de 2008 
600 0 7 |a SIZA, ALVARO  |2 CL-VaPUC  |9 268945 
650 0 |a Arquitectos   |9 268647 
650 0 |a Arquitectura brasileña   |9 268803 
650 0 |a Arquitectura moderna  |9 265021 
650 7 |a EXPOSICIONES ARTISTICAS  |2 CL-VaPUC  |9 543834 
650 0 |a Catálogos  |9 256258 
651 0 |a Brasil  |9 267393 
583 |a last modification  |c 20171227 01:43:46  |k Rodrigo Vera 
999 |c 338014  |d 338012 
952 |0 0  |1 0  |4 0  |6 720_981000000000000_FIG_2008  |7 0  |8 A  |9 430796  |a BIBARQ  |b BIBARQ  |d 2019-11-22  |i 4618831  |l 1  |o 720.981 FIG 2008  |p 4618831  |r 2025-01-20  |s 2024-04-30  |w 2019-11-22  |y BK  |k ARQ